000 00363nam a22001217a 4500
999 _c3181
_d3181
005 20201117164145.0
008 201117b ||||| |||| 00| 0 eng d
020 _a1903068592
040 _cCML
245 _aScience: Double Award Coordinated.
_cJames M.
260 _aKirkby
_bHigher and Foundation
_c1987
942 _2ddc
_cBK
_e1st Edition
_h530
_mJAM